00764nam a22002057a 4500999001900000005001700019010001500036020002600051035001400077037001300091082000800104100002200112245006800134260004800202270011200250300002300362700001900385942002200404952013200426 c191373d19137320220825123135.0 aENG-134646 a9788193252796c400.00 aEN-118178 bDBAD/PUB a881 aSahay, Baidyanath aI search my soul/cBaidyanath Sahay and edited by surya prakash aNew Delhi c2017bAuthor pride publications a55-A, Pocket-d, SFS Flats, Mayur Vihar, Phase-IIIbNew delhie110096k9810402776mservices@authorspride.com ax, 77p.c22cm(pbk) aPrakash, Surya 2ddccENh881mSAH 001040708NFICaBL4bBL4d2022-08-25eDBAD/PUBg400.00l4o881 SAHpEN-118178r2026-03-14 00:00:00s2026-03-02t1v400.00yEN